000 00416nam a22001697a 4500
005 20160622114209.0
008 160622b xxu||||| |||| 00| 0 eng d
020 _a81-203-0976-6
041 _aeng
082 _b8985
100 _aFischer, Donald E and Jordan Ronald J
_92482
245 _aSecurity Analysis and partfolio Management
260 _bPHI
300 _a677
650 _aManagement
_9241
942 _cBK
999 _c3529
_d3528